[Event "Women's Speed Chess Q7"]
[Site "chess.com INT"]
[Date "2021.06.06"]
[Round "10"]
[White "Sliwicka, Alicja"]
[Black "Arabidze, Meri"]
[Result "1-0"]
[WhiteTitle "WIM"]
[BlackTitle "IM"]
[WhiteElo "2308"]
[BlackElo "2432"]
[WhiteFideId "1150677"]
[BlackFideId "13604040"]
[EventDate "2021.06.06"]

1. e4 c5 2. Nf3 e6 3. d4 cxd4 4. Nxd4 Nc6 5. Nc3 a6 6. Nb3 Nf6 7. Bd3 d6 8. O-O
Be7 9. f4 O-O 10. Qf3 b5 11. Bd2 Bb7 12. Qh3 Nb4 13. Rae1 Nxd3 14. cxd3 d5 15.
e5 Ne8 16. d4 g6 17. g4 Bc6 18. f5 exf5 19. gxf5 Bg5 20. f6 Bxd2 21. Nxd2 Qd7
22. Qh6 Qg4+ 23. Kh1 Qxd4 24. Nf3 Qg4 25. h3 Qg3 26. Ne2 Qxf3+ 27. Rxf3 d4 28.
Nxd4 Bxf3+ 29. Nxf3 Rc8 30. Ng5 1-0

[Event "Women's Speed Chess Q7"]
[Site "chess.com INT"]
[Date "2021.06.06"]
[Round "10"]
[White "Von Herman, Brigitte"]
[Black "Head, Louise"]
[Result "1-0"]
[WhiteTitle "WFM"]
[BlackTitle "WFM"]
[WhiteElo "1991"]
[BlackElo "2090"]
[WhiteFideId "4628730"]
[BlackFideId "424773"]
[EventDate "2021.06.06"]

1. e4 c6 2. d4 d5 3. exd5 cxd5 4. Bd3 Nc6 5. c3 g6 6. h3 Nh6 7. Nf3 Bf5 8. Be2
Bg7 9. O-O f6 10. Re1 Nf7 11. Bf1 O-O 12. Bf4 Re8 13. Nbd2 e5 14. dxe5 fxe5 15.
Bg3 Qd7 16. Nb3 b6 17. Qd2 Rad8 18. Rad1 Bh6 19. Qe2 Bg7 20. Qb5 Nb8 21. Nh4
Qxb5 22. Bxb5 Re7 23. Nxf5 gxf5 24. Bh4 Kf8 25. Bxe7+ Kxe7 26. f4 e4 27. Nd4
Bxd4+ 28. Rxd4 a6 29. Ba4 Nd7 30. Rxd5 b5 31. Bb3 Nf6 32. Rxd8 Kxd8 33. Bxf7 1-0

[Event "Women's Speed Chess Q7"]
[Site "chess.com INT"]
[Date "2021.06.06"]
[Round "10"]
[White "Koridze, Lile"]
[Black "Dauletova, Gulmira"]
[Result "0-1"]
[WhiteTitle "WFM"]
[BlackTitle "WGM"]
[WhiteElo "2016"]
[BlackElo "2257"]
[WhiteFideId "13612514"]
[BlackFideId "13702971"]
[EventDate "2021.06.06"]

1. d4 Nf6 2. c4 e6 3. Nc3 Bb4 4. e3 O-O 5. Bd3 d5 6. Ne2 Re8 7. O-O Bf8 8. Qc2
c6 9. Rb1 Nbd7 10. b4 b6 11. b5 cxb5 12. Nxb5 Bb7 13. Nf4 Rc8 14. Qe2 a6 15. Na3
dxc4 16. Nxc4 b5 17. Na5 Bd5 18. e4 Ba8 19. Nb3 e5 20. dxe5 Nxe5 21. Bc2 Nc4 22.
Rd1 Qc7 23. h3 Nxe4 24. Qg4 Ne5 25. Qf5 Qxc2 26. Be3 g6 27. Qg5 Nxg5 28. Nd4 Qe4 0-1

[Event "Women's Speed Chess Q7"]
[Site "chess.com INT"]
[Date "2021.06.06"]
[Round "10"]
[White "Sviridova, Vlada"]
[Black "Nurmanova, Alua"]
[Result "1-0"]
[WhiteTitle "WFM"]
[BlackTitle "WFM"]
[WhiteElo "2144"]
[BlackElo "2093"]
[WhiteFideId "24109606"]
[BlackFideId "13729390"]
[EventDate "2021.06.06"]

1. d4 Nf6 2. c4 c5 3. d5 b5 4. cxb5 a6 5. bxa6 g6 6. Nc3 Bg7 7. g3 O-O 8. Bg2 d6
9. Nf3 Nxa6 10. O-O Bf5 11. Nh4 Bd7 12. Bd2 Nb4 13. a3 Na6 14. Qc1 Qb6 15. Rb1
Qb3 16. Bh6 Rfb8 17. Bxg7 Kxg7 18. Rd1 h6 19. e4 Qc4 20. Bf1 Qb3 21. Bd3 c4 22.
Bc2 Qb6 23. Kg2 Bg4 24. f3 Bd7 25. Qd2 Nc5 26. Qd4 Qa6 27. e5 dxe5 28. Qxc5 g5
29. Nf5+ Bxf5 30. Bxf5 Rb3 31. Qxe7 Rab8 32. Rd2 R8b7 33. Qxe5 Kf8 34. d6 Ng8
35. d7 1-0

[Event "Women's Speed Chess Q7"]
[Site "chess.com INT"]
[Date "2021.06.06"]
[Round "10"]
[White "Arpita, Mukherjee"]
[Black "Purtseladze, Maka"]
[Result "0-1"]
[WhiteTitle "WIM"]
[BlackTitle "IM"]
[WhiteElo "2206"]
[BlackElo "2274"]
[WhiteFideId "5056403"]
[BlackFideId "13602659"]
[EventDate "2021.06.06"]

1. e4 c6 2. d4 d5 3. e5 a6 4. Nf3 Bg4 5. h3 Bxf3 6. Qxf3 e6 7. c3 c5 8. Bd3 Nc6
9. dxc5 Nxe5 10. Qe2 Nxd3+ 11. Qxd3 Bxc5 12. Qg3 Qf6 13. O-O Ne7 14. Qc7 Rc8 15.
Qxb7 O-O 16. Nd2 a5 17. Nf3 Rb8 18. Qa6 Ra8 19. Qe2 h6 20. Be3 Rfc8 21. Bd4 Bxd4
22. Nxd4 Nf5 23. Nb5 Rab8 24. a4 Qg5 25. f4 Qe7 26. Kh2 Qh4 27. Qf3 Rc4 28. b3
Re4 29. g4 Re3 30. Qg2 Ng3 31. Rf3 Rxf3 32. Qxg3 Qxg3+ 0-1

[Event "Women's Speed Chess Q7"]
[Site "chess.com INT"]
[Date "2021.06.06"]
[Round "10"]
[White "Hng, Mei-En Emmanuelle"]
[Black "Golubenko, Valentina"]
[Result "1-0"]
[WhiteTitle "WFM"]
[BlackTitle "WGM"]
[WhiteElo "2013"]
[BlackElo "2209"]
[WhiteFideId "5804566"]
[BlackFideId "4501993"]
[EventDate "2021.06.06"]

1. e4 e6 2. d4 d5 3. Nc3 c5 4. Nf3 Nf6 5. Bg5 dxe4 6. Nxe4 Be7 7. Bxf6 gxf6 8.
dxc5 Qxd1+ 9. Rxd1 O-O 10. Bc4 Na6 11. c6 bxc6 12. O-O Bb7 13. Rd7 f5 14. Nc3
Nc5 15. Rxe7 Kg7 16. b4 Kf6 17. Rc7 Ba6 18. bxc5 Bxc4 19. Re1 Rfc8 20. Rxc8 Rxc8
21. a3 Rb8 22. Ne5 Rb2 23. Rc1 Bd5 24. Nd3 Rb7 25. Nxd5+ exd5 26. c4 d4 27. Kf1
Rb3 28. Ke2 Ke6 29. a4 Ra3 30. Nf4+ Ke5 31. Nd3+ Ke4 32. f3# 1-0

[Event "Women's Speed Chess Q7"]
[Site "chess.com INT"]
[Date "2021.06.06"]
[Round "10"]
[White "Selkirk, Rebecca"]
[Black "Vine, Elzbieta"]
[Result "1-0"]
[WhiteTitle "WCM"]
[BlackTitle "WFM"]
[WhiteElo "1799"]
[BlackElo "2138"]
[WhiteFideId "14306514"]
[BlackFideId "1119320"]
[EventDate "2021.06.06"]

1. e4 c5 2. Nf3 Nc6 3. d4 cxd4 4. Nxd4 Nf6 5. Nc3 h5 6. Bg5 Qa5 7. Nxc6 bxc6 8.
Bxf6 gxf6 9. Bc4 e6 10. Qf3 Ke7 11. O-O Bh6 12. Rfe1 Ba6 13. Bxa6 Qxa6 14. e5 f5
15. Rad1 Rag8 16. Ne4 fxe4 17. Qf6+ Ke8 18. Rxd7 Kxd7 19. Rd1+ Kc8 20. Qxf7 Qb7
21. Qxe6+ Kb8 22. Qd6+ Ka8 23. b3 Rb8 24. c4 Bf8 25. Qf6 1-0

[Event "Women's Speed Chess Q7"]
[Site "chess.com INT"]
[Date "2021.06.06"]
[Round "10"]
[White "Belenkaya, Dina"]
[Black "Tania, Sachdev"]
[Result "0-1"]
[WhiteTitle "WGM"]
[BlackTitle "IM"]
[WhiteElo "2341"]
[BlackElo "2392"]
[WhiteFideId "24142654"]
[BlackFideId "5007844"]
[EventDate "2021.06.06"]

1. e4 c5 2. Nc3 Nc6 3. g3 g6 4. Bg2 Bg7 5. d3 d6 6. Be3 Nf6 7. h3 O-O 8. Qd2 Re8
9. Bh6 Bh8 10. Nf3 Nd4 11. O-O Nxf3+ 12. Bxf3 Bxh3 13. Bg2 Qd7 14. f3 Bxg2 15.
Kxg2 e5 16. Rh1 d5 17. Bg5 dxe4 18. Nxe4 Nxe4 19. fxe4 h5 20. Raf1 Rad8 21. Qf2
Rc8 22. Rh4 c4 23. dxc4 Rxc4 24. c3 Rf8 25. g4 Rxe4 26. Qf3 Rxg4+ 27. Rxg4 Qxg4+
28. Qxg4 hxg4 29. Rd1 f6 30. Be3 Bg7 31. Bxa7 f5 32. Bc5 Rf7 33. Rd8+ Kh7 34. a4
f4 35. a5 e4 36. b4 e3 37. b5 f3+ 38. Kf1 e2+ 39. Ke1 Bxc3+ 40. Kf2 e1=Q# 0-1

[Event "Women's Speed Chess Q7"]
[Site "chess.com INT"]
[Date "2021.06.06"]
[Round "10"]
[White "Kanyamarala, Trisha"]
[Black "Eswaran, Aksithi"]
[Result "1-0"]
[WhiteTitle "WIM"]
[BlackTitle "WCM"]
[WhiteElo "2180"]
[BlackElo "1745"]
[WhiteFideId "45004722"]
[BlackFideId "2083485"]
[EventDate "2021.06.06"]

1. d4 d5 2. c4 c6 3. cxd5 cxd5 4. Bf4 Nf6 5. Nc3 Nc6 6. e3 a6 7. Be2 e6 8. Nf3
Bd6 9. Bg5 O-O 10. O-O h6 11. Bh4 Be7 12. Bd3 Bd7 13. Rc1 Rc8 14. Qe2 Nb4 15.
Bb1 b5 16. Ne5 Nc6 17. f4 Nh7 18. Bxe7 Qxe7 19. Qd3 Nf6 20. Ng4 g6 21. Ne5 Nb4
22. Qe2 Kg7 23. a3 Nc6 24. Rf3 Rh8 25. Rg3 Be8 26. Qd3 Nxe5 27. fxe5 Ne4 28. Rf3
a5 29. Rcf1 Nxc3 30. bxc3 Rf8 31. Rf6 Rh8 32. Qe2 Rxc3 33. Qg4 Rxa3 34. Bxg6
fxg6 35. Rxe6 Qb7 36. Qf4 Bf7 37. Qf6+ Kg8 38. Re7 Qxe7 39. Qxe7 Rh7 40. Qd8+
Kg7 41. Qe7 Kg8 42. e6 Bxe6 43. Qxe6+ Kh8 44. Rf8+ Kg7 45. Qf6# 1-0

[Event "Women's Speed Chess Q7"]
[Site "chess.com INT"]
[Date "2021.06.06"]
[Round "10"]
[White "Tokhirjonova, Gulrukhbegim"]
[Black "Eswaran, Ashritha"]
[Result "0-1"]
[WhiteTitle "WGM"]
[BlackTitle "WIM"]
[WhiteElo "2344"]
[BlackElo "2244"]
[WhiteFideId "14203626"]
[BlackFideId "2080788"]
[EventDate "2021.06.06"]

1. e4 c5 2. Nf3 d6 3. d4 cxd4 4. Nxd4 Nf6 5. Nc3 g6 6. Bc4 Bg7 7. f3 Nc6 8. Be3
O-O 9. Qd2 Bd7 10. O-O-O Ne5 11. Be2 Rc8 12. Kb1 Nc4 13. Bxc4 Rxc4 14. g4 b5 15.
h4 b4 16. Nce2 Qa5 17. h5 Rfc8 18. hxg6 fxg6 19. Bh6 Bh8 20. Nb3 Qa4 21. Rc1
R4c6 22. Ned4 Ra6 23. a3 bxa3 24. c3 axb2 25. Qxb2 Ne8 26. Be3 Rb8 27. Kc2 Bxd4
28. Bxd4 Be6 29. Kd3 Qxb3 30. Qh2 Bc4+ 31. Ke3 h5 32. gxh5 Ra2 33. hxg6 Rxh2 34.
Rxh2 e5 35. Rch1 exd4+ 36. Kf4 Qxc3 37. Rh8+ Kg7 38. R1h7+ Kxg6 39. Rh6+ Kg7 40.
R8h7+ Kf8 41. Rh8+ Bg8 42. Rg6 Qe3+ 43. Kg4 Ng7 44. Rf6+ Ke7 45. Rg6 Be6+ 46.
Kg3 Rxh8 47. Rxg7+ Kf6 48. Rg4 Bxg4 0-1

[Event "Women's Speed Chess Q7"]
[Site "chess.com INT"]
[Date "2021.06.06"]
[Round "10"]
[White "Pourkashiyan, Atousa"]
[Black "Obregon Garcia, Roxangel"]
[Result "1-0"]
[WhiteTitle "WGM"]
[BlackTitle "WIM"]
[WhiteElo "2322"]
[BlackElo "2167"]
[WhiteFideId "12502014"]
[BlackFideId "3520420"]
[EventDate "2021.06.06"]

1. e4 c5 2. Nf3 Nc6 3. d4 cxd4 4. Nxd4 Nf6 5. Nc3 d6 6. Bc4 e6 7. O-O Be7 8. Be3
O-O 9. f4 a6 10. Bb3 Qc7 11. Qf3 Bd7 12. Rae1 Nxd4 13. Bxd4 Bc6 14. Qg3 b5 15.
e5 dxe5 16. fxe5 Nd5 17. Nxd5 Bxd5 18. Bxd5 exd5 19. c3 Rac8 20. Kh1 Bc5 21. Qg4
Rfe8 22. Re3 Bxd4 23. cxd4 Re6 24. Rc3 Qd8 25. Qf3 Rc7 26. Rxc7 Qxc7 27. Qxd5 h6
28. Qf3 Rg6 29. h3 Qe7 30. Rf2 Qe6 31. Qe4 Qxa2 32. d5 Qa1+ 33. Kh2 Qd1 34. d6
Re6 35. Qf5 Rg6 36. Qxf7+ Kh7 37. d7 Qd4 38. e6 Qd6+ 39. Qf4 Qe7 40. Rd2 1-0

[Event "Women's Speed Chess Q7"]
[Site "chess.com INT"]
[Date "2021.06.06"]
[Round "10"]
[White "Gaponenko, Inna"]
[Black "Papp, Petra"]
[Result "1-0"]
[WhiteTitle "IM"]
[BlackTitle "WGM"]
[WhiteElo "2357"]
[BlackElo "2336"]
[WhiteFideId "14101181"]
[BlackFideId "739049"]
[EventDate "2021.06.06"]

1. e4 c6 2. d4 d5 3. exd5 cxd5 4. c4 Nf6 5. Nc3 g6 6. Qb3 Bg7 7. cxd5 O-O 8. Be2
Na6 9. Bf3 Nc7 10. Nge2 b5 11. O-O Rb8 12. Bf4 b4 13. Na4 Bb7 14. Rac1 Rc8 15.
d6 Ncd5 16. Be5 e6 17. Nc5 Ba8 18. Nf4 Nxf4 19. Bxf4 Nd5 20. Be5 f6 21. Bg3 Kh8
22. Nxe6 Qa5 23. Nxf8 Rxf8 24. Rfe1 f5 25. Rc5 Qd8 26. Bxd5 f4 27. Bxa8 Qxa8 28.
Bh4 f3 29. Be7 Rg8 30. Qxf3 Qe8 31. Rc7 b3 32. d7 Qxe7 33. Rxe7 bxa2 34. Re1
Bxd4 35. Qd3 Rd8 36. Qxd4+ Kg8 37. Qd5+ Kg7 38. Re7+ Kf6 39. Qd6+ Kg5 40. Qe5+
Kh6 41. Qf4+ Kh5 42. Rxh7# 1-0

[Event "Women's Speed Chess Q7"]
[Site "chess.com INT"]
[Date "2021.06.06"]
[Round "10"]
[White "Antolak, Julia"]
[Black "Petrova, Irina"]
[Result "1-0"]
[WhiteTitle "WIM"]
[BlackTitle "WIM"]
[WhiteElo "2309"]
[BlackElo "2110"]
[WhiteFideId "1159569"]
[BlackFideId "14124122"]
[EventDate "2021.06.06"]

1. e4 d6 2. d4 Nf6 3. Nc3 e5 4. Nf3 Nbd7 5. Rg1 Be7 6. g4 h6 7. h4 c6 8. g5 hxg5
9. hxg5 Nh5 10. Be3 b5 11. Qd2 Qa5 12. O-O-O b4 13. Nb1 Qxa2 14. dxe5 dxe5 15.
g6 fxg6 16. Rxg6 Rf8 17. Be2 Qf7 18. Rdg1 a5 19. Nxe5 Nxe5 20. Bxh5 Nxg6 21.
Bxg6 Be6 22. Bxf7+ Rxf7 23. Qd4 Bf6 24. Qd6 Bd7 25. e5 Be7 26. Qd4 Rd8 27. Qc4
Bf5 28. Qxc6+ Kf8 29. Bb6 Rc8 30. Qd5 Rxc2+ 31. Kd1 Rc8 32. Nd2 Bc2+ 33. Ke1 Bh4
34. e6 Re7 35. Bc5 Bf6 36. Bxe7+ Bxe7 37. Qe5 Bf6 38. Qd6+ Be7 39. Qd7 Rd8 40.
Qc7 Bd3 41. Nf3 a4 42. Ne5 b3 43. Ng6+ Kg8 44. Nxe7+ Kf8 45. Qxd8# 1-0

[Event "Women's Speed Chess Q7"]
[Site "chess.com INT"]
[Date "2021.06.06"]
[Round "10"]
[White "Mohota, Nisha"]
[Black "Zhuravleva, Olga"]
[Result "0-1"]
[WhiteTitle "IM"]
[BlackTitle "WIM"]
[WhiteElo "2195"]
[BlackElo "2278"]
[WhiteFideId "5004330"]
[BlackFideId "4145933"]
[EventDate "2021.06.06"]

1. b3 d5 2. Bb2 c6 3. e3 Nd7 4. f4 Ngf6 5. Nf3 g6 6. Be2 Bg7 7. O-O O-O 8. Nc3
Re8 9. d4 Qc7 10. Bd3 Nf8 11. Ne5 N6d7 12. Ne2 f6 13. Nf3 e5 14. fxe5 fxe5 15.
dxe5 Nxe5 16. Ned4 Bg4 17. Be2 Bxf3 18. Bxf3 Rad8 19. Qd2 Kh8 20. Rae1 a6 21. g3
c5 22. Ne2 Nxf3+ 23. Rxf3 Bxb2 24. c3 Ba3 25. Nf4 d4 26. exd4 Rxe1+ 27. Qxe1
cxd4 28. cxd4 Rxd4 29. Ne6 Nxe6 30. Qxe6 Qe7 31. Qc8+ Rd8 32. Qc3+ Kg8 33. Qc4+
Kg7 34. Qc3+ Kh6 35. Rf4 Bc5+ 36. Kg2 Qe2+ 37. Kh3 Qe6+ 38. Kg2 Be7 39. Qc1 Bg5
40. Rh4+ Kg7 41. Qxg5 Qe2+ 42. Kh3 Qf1+ 43. Kg4 Rd4+ 44. Qf4 h5+ 45. Kg5 Rd5+ 0-1

[Event "Women's Speed Chess Q7"]
[Site "chess.com INT"]
[Date "2021.06.06"]
[Round "10"]
[White "Vo, Thi Kim Phung"]
[Black "Corrales Jimenez, Zenia"]
[Result "1-0"]
[WhiteTitle "WGM"]
[BlackTitle "WIM"]
[WhiteElo "2335"]
[BlackElo "2189"]
[WhiteFideId "12401838"]
[BlackFideId "3506355"]
[EventDate "2021.06.06"]

1. d4 d5 2. c4 e6 3. Nc3 Nf6 4. cxd5 exd5 5. Bg5 Be7 6. e3 c6 7. Bd3 O-O 8. Qc2
h6 9. Bh4 Re8 10. Nf3 Nbd7 11. O-O Nf8 12. Rab1 a5 13. a3 Ne4 14. Bxe7 Qxe7 15.
Bxe4 dxe4 16. Nd2 f5 17. b4 axb4 18. axb4 Kh7 19. b5 Bd7 20. bxc6 bxc6 21. Na4
Rab8 22. Nc5 Ne6 23. Nxd7 Qxd7 24. Nc4 Rxb1 25. Rxb1 c5 26. Nb6 Qd6 27. Nc4 Qd7
28. Ne5 Qd5 29. Qa4 Rc8 30. Qa5 Ra8 31. Qb5 Qa2 32. dxc5 Nxc5 33. h3 Nd3 34.
Nxd3 exd3 35. Qxf5+ Kh8 36. Qxd3 Rf8 37. Rf1 Qe6 38. Qd4 Qf5 39. Qg4 Qe5 40. e4
Qf6 41. f3 Qd4+ 42. Kh2 Re8 43. Qg3 Qe3 44. Rd1 Qe2 45. Rd7 Qc4 46. Qxg7# 1-0

[Event "Women's Speed Chess Q7"]
[Site "chess.com INT"]
[Date "2021.06.06"]
[Round "10"]
[White "Morris-Suzuki, Sophie"]
[Black "Ambartsumova, Karina"]
[Result "0-1"]
[WhiteTitle "WFM"]
[BlackTitle "IM"]
[WhiteElo "2043"]
[BlackElo "2382"]
[WhiteFideId "30922615"]
[BlackFideId "4166299"]
[EventDate "2021.06.06"]

1. e4 c5 2. Nc3 e6 3. Nf3 Nc6 4. d4 cxd4 5. Nxd4 Qc7 6. Be3 Nf6 7. f4 Bb4 8. Bd3
d5 9. e5 Ne4 10. Bxe4 dxe4 11. Nb5 Qe7 12. a3 Bxc3+ 13. bxc3 O-O 14. O-O f6 15.
exf6 Qxf6 16. Bd4 Qe7 17. Qe2 a6 18. Qf2 axb5 19. Bc5 Qf7 20. Bxf8 Qxf8 21. Rae1
Ne7 22. Rxe4 Nd5 23. f5 exf5 24. Re5 Nf6 25. h3 Bd7 26. Rfe1 Bc6 27. Qb6 Ne4 28.
Rf1 g6 29. Qd4 Re8 30. g4 Rxe5 31. Qxe5 Qd8 32. gxf5 Qg5+ 33. Kh2 Qd2+ 34. Kg1
Qe3+ 35. Kh2 Qe2+ 36. Kg1 Nxc3 37. Qxe2 Nxe2+ 38. Kf2 Nd4 39. f6 Kf7 40. Ke3
Nf5+ 41. Kf4 Kxf6 42. Rd1 g5+ 43. Kg4 Ne3+ 44. Kh5 Nxd1 45. Kh6 Ne3 46. Kxh7
Nxc2 47. Kh6 Nxa3 48. Kh5 b4 49. Kg4 b3 50. Kg3 b2 51. h4 gxh4+ 52. Kxh4 b1=Q
53. Kh3 Qg6 54. Kh2 Qg2# 0-1

[Event "Women's Speed Chess Q7"]
[Site "chess.com INT"]
[Date "2021.06.06"]
[Round "10"]
[White "Szente Varga, Fruzsina"]
[Black "Zakirova, Aisha"]
[Result "0-1"]
[WhiteTitle "WFM"]
[BlackTitle "WCM"]
[WhiteElo "2100"]
[BlackElo "1585"]
[WhiteFideId "712264"]
[BlackFideId "13719734"]
[EventDate "2021.06.06"]

1. e4 c5 2. Nf3 d6 3. d4 cxd4 4. Qxd4 Nf6 5. Bb5+ Nc6 6. c4 Bd7 7. Bxc6 Bxc6 8.
Nc3 e5 9. Qd3 h6 10. O-O Be7 11. h3 O-O 12. Be3 a6 13. b4 Rc8 14. b5 axb5 15.
cxb5 Bd7 16. a4 Be6 17. a5 Bc4 18. Qd2 Bxf1 19. Kxf1 Qc7 20. Ra3 Qc4+ 21. Kg1
Nxe4 22. Nxe4 Qxe4 23. a6 bxa6 24. bxa6 d5 25. Ra1 d4 26. Bxh6 gxh6 27. Qxh6 Qg6
28. Qd2 Rc2 29. Qa5 Ra8 30. Nxe5 Qf5 31. Rf1 Rc5 32. Qc7 Qxe5 33. Qb7 Rcc8 34.
a7 Qc7 35. Qf3 Rxa7 36. Qg4+ Kf8 37. Qh5 Bf6 38. Re1 d3 39. Qh6+ Bg7 40. Qd2 Ra1
41. Rxa1 Bxa1 42. Qxd3 Be5 43. Qa3+ Qd6 44. Qxd6+ Bxd6 45. g3 Kg7 46. Kg2 Kg6
47. h4 Kh5 48. Kh3 Rg8 49. g4+ Rxg4 50. f3 Rxh4+ 51. Kg2 f5 52. Kf2 f4 53. Ke2
Rh3 54. Kf2 Bc5+ 0-1

[Event "Women's Speed Chess Q7"]
[Site "chess.com INT"]
[Date "2021.06.06"]
[Round "10"]
[White "Ziegenfuss, Antonia"]
[Black "Kulkarni, Bhakti"]
[Result "0-1"]
[WhiteTitle "WFM"]
[BlackTitle "IM"]
[WhiteElo "2157"]
[BlackElo "2391"]
[WhiteFideId "12962554"]
[BlackFideId "5019516"]
[EventDate "2021.06.06"]

1. d4 c5 2. d5 e5 3. e4 d6 4. Bb5+ Bd7 5. a4 a6 6. Bd3 Ne7 7. Nd2 g6 8. Nc4 Qc7
9. a5 Bb5 10. Nb6 Ra7 11. Qe2 Bxd3 12. cxd3 Nd7 13. Nh3 Nxb6 14. axb6 Qxb6 15.
O-O Bg7 16. Qc2 O-O 17. Bd2 Qc7 18. b4 Rc8 19. Rfc1 Qd7 20. bxc5 Rxc5 21. Qb2 b5
22. Be3 Rxc1+ 23. Rxc1 Rc7 24. Ra1 Qc8 25. Qa3 Rc3 26. Qxa6 Qxa6 27. Rxa6 Rxd3
28. Kf1 h6 29. Ra8+ Kh7 30. Rb8 Rb3 31. Ke2 f5 32. f3 f4 33. Bd2 Bf6 34. Nf2 h5
35. Nd3 g5 36. Nc1 Rb1 37. h3 g4 38. hxg4 hxg4 39. fxg4 Ng6 40. Rb7+ Kh6 41. g3
Kg5 42. Rd7 Kxg4 43. gxf4 Nxf4+ 44. Kd1 Kf3 45. Rxd6 Bg5 46. Re6 Kxe4 47. d6
Nxe6 48. d7 Bxd2 49. Kxd2 Rxc1 50. Kxc1 Kd3 51. Kb2 Nd8 52. Kb3 e4 53. Kb4 e3
54. Kxb5 e2 55. Kb6 e1=Q 56. Kc7 0-1

[Event "Women's Speed Chess Q7"]
[Site "chess.com INT"]
[Date "2021.06.06"]
[Round "10"]
[White "Shuvalova, Polina"]
[Black "Fominykh, Maria"]
[Result "1-0"]
[WhiteTitle "IM"]
[BlackTitle "WGM"]
[WhiteElo "2489"]
[BlackElo "2206"]
[WhiteFideId "24171760"]
[BlackFideId "4142411"]
[EventDate "2021.06.06"]

1. g4 d6 2. h3 e5 3. Bg2 Nc6 4. c3 f5 5. d4 exd4 6. cxd4 fxg4 7. hxg4 Bxg4 8. d5
Ne5 9. Nc3 Nf6 10. f4 Ng6 11. Nf3 Qd7 12. Qd4 a6 13. Be3 Ne7 14. Bf2 Nf5 15. Qb4
Be7 16. e4 Nh6 17. O-O-O a5 18. Qd4 Nh5 19. Be3 c5 20. dxc6 bxc6 21. e5 d5 22.
Rde1 Nf5 23. Qd2 Nhg3 24. Rhg1 Nxe3 25. Qxe3 Nf5 26. Qd2 Bc5 27. Rh1 O-O 28. Ng5
h6 29. e6 Qe7 30. Nf7 Rxf7 31. exf7+ Qxf7 32. Kb1 Ng3 33. Rh2 Rb8 34. Bh3 Bxh3
35. Rxh3 Qf5+ 36. Ka1 Qxh3 37. Nxd5 cxd5 38. Qxd5+ Kh8 39. Qxc5 Qc8 40. Qe5 Qb7
41. Rg1 Nf5 42. b3 Rf8 43. Rc1 Qf7 44. Qxa5 Qf6+ 45. Kb1 Nd4 46. Qb4 Ne2 47. Re1
Nxf4 48. Rf1 Qg6+ 49. Ka1 Qg5 50. Qxf8+ Kh7 51. Qxf4 Qxf4 52. Rxf4 1-0

[Event "Women's Speed Chess Q7"]
[Site "chess.com INT"]
[Date "2021.06.06"]
[Round "10"]
[White "Cyfka, Karina"]
[Black "Kotepalli, Sai Nirupama"]
[Result "0-1"]
[WhiteTitle "IM"]
[BlackTitle "WFM"]
[WhiteElo "2417"]
[BlackElo "1914"]
[WhiteFideId "1122681"]
[BlackFideId "5039444"]
[EventDate "2021.06.06"]

1. d4 g6 2. e4 Bg7 3. Nf3 e6 4. g3 d5 5. Nc3 Ne7 6. Bg2 O-O 7. O-O c6 8. Bf4 Na6
9. Qd2 dxe4 10. Nxe4 Nf5 11. c3 Nc7 12. g4 Ne7 13. Bh6 f5 14. Bxg7 Kxg7 15. gxf5
exf5 16. Nc5 Ned5 17. Rfe1 Qf6 18. Qg5 b6 19. Qxf6+ Rxf6 20. Nd3 Ba6 21. Nde5
Re8 22. a3 Nf4 23. Bf1 Bxf1 24. Kxf1 c5 25. Re3 Ncd5 26. Ree1 h6 27. Rad1 g5 28.
c4 Nc7 29. dxc5 Re7 30. cxb6 axb6 31. Nd4 Nce6 32. Ndc6 Rc7 33. b4 Ng6 34. b5
Nxe5 35. Rxe5 Nf4 36. Rde1 Kg6 37. f3 Nd3 38. Re7 Rc8 39. R7e2 Nxe1 40. Kxe1
Rfxc6 41. bxc6 Rxc6 42. Rc2 Kh5 43. Kd2 Rc5 44. Kd3 Kh4 45. Rb2 Rc6 46. Kd4 g4
47. fxg4 fxg4 48. Kd5 Rc5+ 49. Kd4 Rc6 50. a4 h5 51. Ra2 Kh3 52. Rb2 h4 53. Rc2
g3 54. hxg3 hxg3 55. a5 bxa5 56. c5 g2 57. Rc1 Kh2 58. Kd5 Rc8 59. c6 g1=Q 60.
Rxg1 Kxg1 61. Kd6 a4 62. Kd7 Rxc6 63. Kxc6 a3 0-1

[Event "Women's Speed Chess Q7"]
[Site "chess.com INT"]
[Date "2021.06.06"]
[Round "10"]
[White "Nguyen, Hong Ngoc"]
[Black "Grineva, Marianna"]
[Result "1-0"]
[WhiteTitle "WCM"]
[BlackTitle "WFM"]
[WhiteElo "1957"]
[BlackElo "2029"]
[WhiteFideId "12403083"]
[BlackFideId "14102013"]
[EventDate "2021.06.06"]

1. d4 d6 2. c4 Nd7 3. Nf3 Ngf6 4. g3 e5 5. dxe5 dxe5 6. Nc3 c6 7. Bg2 Bc5 8. O-O
O-O 9. a3 a5 10. Qc2 Re8 11. Rd1 Qc7 12. e4 Nf8 13. Bg5 N6d7 14. Rd3 f6 15. Be3
Bxe3 16. Rxe3 Nc5 17. Rd1 Nfe6 18. b4 axb4 19. axb4 Na6 20. b5 Nac5 21. Re2 Ra3
22. Red2 Nb3 23. Rd3 Nbd4 24. Qb2 Qa5 25. Nxd4 Nxd4 26. Ne2 Rxd3 27. Rxd3 Qe1+
28. Bf1 Nxe2+ 29. Qxe2 Qxe2 30. Bxe2 Be6 31. Rd6 cxb5 32. cxb5 Kf7 33. f4 exf4
34. gxf4 Rc8 35. Kf2 Rc1 36. f5 Bb3 37. Rd7+ Kf8 38. Rxb7 Rc2 39. Ke3 Rc3+ 40.
Kd4 Rh3 41. b6 Rxh2 42. Bb5 Rb2 43. Bc6 Bc2 44. Rb8+ Ke7 45. Kc3 Rb1 46. Kxc2
Rb4 47. b7 Kd6 48. Bd5 Ke5 49. Re8+ Kf4 50. b8=Q+ Rxb8 51. Rxb8 g5 52. fxg6 hxg6
53. Rg8 g5 54. Kd2 g4 55. Ke2 g3 56. Kf1 f5 57. exf5 Kxf5 58. Rxg3 Ke5 59. Kf2
Kxd5 60. Re3 Kd4 61. Kf3 1-0

[Event "Women's Speed Chess Q7"]
[Site "chess.com INT"]
[Date "2021.06.06"]
[Round "10"]
[White "Nikolova, Adriana"]
[Black "Semenova, Elena1"]
[Result "1-0"]
[WhiteTitle "WGM"]
[BlackTitle "WIM"]
[WhiteElo "2243"]
[BlackElo "2246"]
[WhiteFideId "2908689"]
[BlackFideId "24125148"]
[EventDate "2021.06.06"]

1. e4 e5 2. Nf3 Nf6 3. Nc3 Nc6 4. Bb5 Bb4 5. O-O O-O 6. d3 d6 7. Bg5 Bxc3 8.
bxc3 Qe7 9. Re1 Nd8 10. d4 c6 11. Bf1 Ne6 12. Bc1 Nc7 13. a4 Rd8 14. Qd3 b6 15.
Ba3 Ba6 16. Qe3 Bxf1 17. Kxf1 Qe6 18. h3 Re8 19. Rad1 Rad8 20. dxe5 dxe5 21.
Rxd8 Rxd8 22. Qg5 h6 23. Qxe5 Qxe5 24. Nxe5 Re8 25. Nxc6 Rxe4 26. Rxe4 Nxe4 27.
Bb2 Nd2+ 28. Ke2 Nc4 29. Bc1 Nd5 30. Nxa7 Kf8 31. Kd3 Na5 32. Nb5 Ke7 33. Bd2
Nf6 34. c4 Nb7 35. Be3 Nc5+ 36. Bxc5+ bxc5 37. a5 Kd7 38. a6 Kc6 39. a7 Kb7 40.
Ke3 Nd7 41. Kf4 Nb6 42. Nd6+ Kxa7 43. Nxf7 Nxc4 44. Kf5 Na3 45. c3 Nb1 46. c4
Nd2 47. Ne5 Kb6 48. Kg6 Kc7 49. Kxg7 Kd6 50. f4 Nf1 51. Kxh6 Ne3 52. g4 Ng2 53.
Kg5 Ke6 54. h4 Ne1 55. h5 Nc2 56. h6 Ne3 57. h7 1-0